000
00320nam a22001337a 4500
008
170324b xxu||||| |||| 00| 0 eng d
020
_a
0397547811
041
_a
eng
080
_2
5TH
_a
615.83
100
_a
8
101
_a
shm
245
_a
A GUIDE TO PHYSICAL EXAMINATION AND HISTORY TAKING
_c
BATES, B
942
_2
udc
_c
BK
999
_c
8567
_d
8567